LEADER 00878nam a2200241 i 4500 001 000000161575 003 CaOOAMICUS 005 20080229000000.0 008 080229s1973 it u000 u ita u 013 $a138938 040 $aSeMil$bita 100 1 $aFanelli, Giovanni.$0(OLS)http://semarc/name/15002 245 10$aFirenze, architettura e cittą /$cGiovanni Fanelli. 260 $aFirenze :$bVallecchi,$ccopyr. 1973. 300 $a597 p. ;$c24 cm. 500 $aFondo Card. Giovanni Colombo. 650 4$aFirenze.$0(OLS)http://semarc/subject/10246 850 $aSeMil 852 $aSeMil$W1$xVenegono$y1$m5R XVI 9$j112962$B112962$CSeMilBibl$Z2$F132480 $81 941 1 $a3 961 $aLascito: Colombo Card. Giovanni 996 $6245$aFirenze, architettura e cittą$9(OLS)http://semarc/title/144744 996 $6260$aFirenze :$bVallecchi$9(OLS)http://semarc/publisher/29768 LEADER 00712nam a2200205 i 4500 001 000000076113 003 CaOOAMICUS 005 20220308172526.0 008 050422s1969 it u000 u ita u 013 $a47285 040 $aSeMil$bita 245 10$aFilocolo. 300 $a806 p. 700 1 $aBoccaccio, Giovanni,$d<1313-1375>.$0(OLS)http://semarc/name/1203 773 0 $aBoccaccio, Giovanni <1313-1375>$tOpere minori in volgare.$dMilano : Rizzoli, 1969-1971.$kClassici Rizzoli$g1$w()1341 850 $aSeMil 852 $aSeMil$W1$xVenegono$y1$m1E III 138/1$j42265$B42265$CSeMilBibl$Z2$F42269 $81 961 $aOmaggio: Altro 996 $6245$aFilocolo$9(OLS)http://semarc/title/123367